| 000 | 00499nam a22001697a 4500 | ||
|---|---|---|---|
| 003 | URS | ||
| 005 | 20220114172016.0 | ||
| 008 | 190620b xxu||||| |||| 00| 0 eng d | ||
| 020 | _a9780324587043 | ||
| 050 | 1 | 4 |
_aHD 30.28 _bI74 2009 |
| 100 | 1 |
_aIreland, R Duane. _d2009- _eauthor |
|
| 245 | 1 | 0 |
_aThe management strategy : _bcases / _cR. Duane Ireland. |
| 250 | _a8th edition | ||
| 264 | 1 |
_aMason, OH : _bSouth-Western Cengage Learning, _c©2009. |
|
| 300 |
_axx, 315 pages : _c25 cm. |
||
| 942 |
_2lcc _cFR |
||
| 999 |
_c15440 _d15440 |
||